<?xml version="1.0" encoding="UTF-8"?>
<record
    xmlns:xsi="http://www.w3.org/2001/XMLSchema-instance"
    xsi:schemaLocation="http://www.loc.gov/MARC21/slim http://www.loc.gov/standards/marcxml/schema/MARC21slim.xsd"
    xmlns="http://www.loc.gov/MARC21/slim">

  <leader>00371nam a22001457a 4500</leader>
  <controlfield tag="005">20241116140256.0</controlfield>
  <controlfield tag="008">241116b        |||||||| |||| 00| 0 eng d</controlfield>
  <datafield tag="020" ind1=" " ind2=" ">
    <subfield code="a">978-93-6109-727-0</subfield>
  </datafield>
  <datafield tag="041" ind1=" " ind2=" ">
    <subfield code="a">eng</subfield>
  </datafield>
  <datafield tag="100" ind1=" " ind2=" ">
    <subfield code="a">Rayarikar, A. &amp; Medhekar, A.</subfield>
    <subfield code="9">209072</subfield>
  </datafield>
  <datafield tag="245" ind1=" " ind2=" ">
    <subfield code="a">Business Mathematics - I ( F.Y.B.B.A. )</subfield>
  </datafield>
  <datafield tag="260" ind1=" " ind2=" ">
    <subfield code="a">Pune</subfield>
    <subfield code="b">Nirali</subfield>
  </datafield>
  <datafield tag="300" ind1=" " ind2=" ">
    <subfield code="a">6.15</subfield>
  </datafield>
  <datafield tag="942" ind1=" " ind2=" ">
    <subfield code="c">BK</subfield>
  </datafield>
  <datafield tag="999" ind1=" " ind2=" ">
    <subfield code="c">362167</subfield>
    <subfield code="d">362167</subfield>
  </datafield>
  <datafield tag="952" ind1=" " ind2=" ">
    <subfield code="0">0</subfield>
    <subfield code="1">0</subfield>
    <subfield code="2">ddc</subfield>
    <subfield code="4">0</subfield>
    <subfield code="7">0</subfield>
    <subfield code="a">SSMM</subfield>
    <subfield code="b">SSMM</subfield>
    <subfield code="d">2024-11-16</subfield>
    <subfield code="e">Nirali</subfield>
    <subfield code="g">165.00</subfield>
    <subfield code="i">66393</subfield>
    <subfield code="l">2</subfield>
    <subfield code="p">SSMM-BK-32011</subfield>
    <subfield code="q">2025-12-14</subfield>
    <subfield code="r">2025-11-14 09:57:24</subfield>
    <subfield code="s">2025-11-14</subfield>
    <subfield code="w">2024-11-16</subfield>
    <subfield code="y">BK</subfield>
    <subfield code="z">010032011</subfield>
  </datafield>
  <datafield tag="952" ind1=" " ind2=" ">
    <subfield code="0">0</subfield>
    <subfield code="1">0</subfield>
    <subfield code="2">ddc</subfield>
    <subfield code="4">0</subfield>
    <subfield code="7">0</subfield>
    <subfield code="a">SSMM</subfield>
    <subfield code="b">SSMM</subfield>
    <subfield code="d">2024-11-16</subfield>
    <subfield code="e">Nirali</subfield>
    <subfield code="g">165.00</subfield>
    <subfield code="i">66393</subfield>
    <subfield code="l">2</subfield>
    <subfield code="p">SSMM-BK-32012</subfield>
    <subfield code="r">2026-02-06 10:22:33</subfield>
    <subfield code="s">2026-02-05</subfield>
    <subfield code="w">2024-11-16</subfield>
    <subfield code="y">BK</subfield>
    <subfield code="z">010032012</subfield>
  </datafield>
  <datafield tag="952" ind1=" " ind2=" ">
    <subfield code="0">0</subfield>
    <subfield code="1">0</subfield>
    <subfield code="2">ddc</subfield>
    <subfield code="4">0</subfield>
    <subfield code="7">0</subfield>
    <subfield code="a">SSMM</subfield>
    <subfield code="b">SSMM</subfield>
    <subfield code="d">2024-11-16</subfield>
    <subfield code="e">Nirali</subfield>
    <subfield code="g">165.00</subfield>
    <subfield code="i">66393</subfield>
    <subfield code="l">1</subfield>
    <subfield code="p">SSMM-BK-32013</subfield>
    <subfield code="r">2025-02-14 00:00:00</subfield>
    <subfield code="s">2025-02-13</subfield>
    <subfield code="w">2024-11-16</subfield>
    <subfield code="y">BK</subfield>
    <subfield code="z">010032013</subfield>
  </datafield>
  <datafield tag="952" ind1=" " ind2=" ">
    <subfield code="0">0</subfield>
    <subfield code="1">0</subfield>
    <subfield code="2">ddc</subfield>
    <subfield code="4">0</subfield>
    <subfield code="7">0</subfield>
    <subfield code="a">SSMM</subfield>
    <subfield code="b">SSMM</subfield>
    <subfield code="d">2024-11-16</subfield>
    <subfield code="e">Nirali</subfield>
    <subfield code="g">165.00</subfield>
    <subfield code="i">66393</subfield>
    <subfield code="l">1</subfield>
    <subfield code="p">SSMM-BK-32014</subfield>
    <subfield code="r">2025-01-24 00:00:00</subfield>
    <subfield code="s">2025-01-18</subfield>
    <subfield code="w">2024-11-16</subfield>
    <subfield code="y">BK</subfield>
    <subfield code="z">010032014</subfield>
  </datafield>
  <datafield tag="952" ind1=" " ind2=" ">
    <subfield code="0">0</subfield>
    <subfield code="1">0</subfield>
    <subfield code="2">ddc</subfield>
    <subfield code="4">0</subfield>
    <subfield code="7">0</subfield>
    <subfield code="a">SSMM</subfield>
    <subfield code="b">SSMM</subfield>
    <subfield code="d">2024-11-16</subfield>
    <subfield code="e">Nirali</subfield>
    <subfield code="g">165.00</subfield>
    <subfield code="i">66393</subfield>
    <subfield code="l">1</subfield>
    <subfield code="p">SSMM-BK-32015</subfield>
    <subfield code="r">2025-01-17 00:00:00</subfield>
    <subfield code="s">2024-12-06</subfield>
    <subfield code="w">2024-11-16</subfield>
    <subfield code="y">BK</subfield>
    <subfield code="z">010032015</subfield>
  </datafield>
</record>
